Italian Language Food - Fish and Meat - Statistics

General Stats
  • This quiz has been taken 87 times
  • The average score is 14 of 18
Answer Stats
Hint Answer % Correct
salmon salmone
100%
meat carne
96%
fish pesce
96%
chicken pollo
96%
sausage salsiccia
91%
steak bistecca
87%
ground beef carne de manzo macinata
87%
ham prosciutto
83%
tuna tonno
83%
bacon pancetta
74%
turkey tacchino
70%
lamb agnello
65%
shrimp gamberetti
65%
veal vitello
65%
lobster aragosta
61%
pork maiale
57%
meatball polpette
57%
beef manzo
43%
No matching quizzes found
Score Distribution
Percent of People with Each Score
Percentile by Number Answered
Your Score History
You have not taken this quiz